Представление документа в формате RUSMARC

ПолеНазваниеЗначение
  Тип записи a
  Библиографический уровень m
001 Контрольный номер RU/SLIB/B/208752215
005 Дата корректировки 20211020091804.5
010 Индекс ISBN __
d Цена 5-00
100 Данные общей обработки __
a Данные общей обработки 20211020d1990 m y0rusy028902 ca
101 Язык документа 0_
a Язык текста rus
102 Страна публикации __
a Страна публикации RU
105 Кодированные данные (монография) __
a Кодированные данные (монография) a z 000yy
181 Поле кодированных данных: вид содержания _0
a Код вида содержания (ISBD) i
182 Поле кодированных данных: тип средства _0
a Код типа средства (ISBD) n
200 Заглавие и сведения об ответственности 1_
a Заглавие Рокуэлл Кент
f Первые сведения об ответственности Петрова Т. А.
b Общее обозначение материала Текст
210 Выходные данные 1_
a Место издания Л.
c Издательство Искусство
d Дата издания 1990
215 Физическое описание __
a Объем 160 с.
c Иллюстрации/тип воспроизводства ил.
600 Персоналии _1
a Персоналии (Фамилия) Рокуэлл, К.
c Дополнение к имени художник американский
f Даты 1892-1971
g Полное имя Кент
606 Тематические рубрики __
a Основная рубрика Изобразительное искусство и архитектура
y Географическая подрубрика США
606 Тематические рубрики __
a Основная рубрика История живописи
z Хронологическая подрубрика 20 в.
610 Ключевые слова 0_
a Ключевые слова художники; творчество; американская живопись; персоналии; картины
686 Индексы других классификаций __
a Классификационный индекс 85.143(7Сое)6-8; ст85.143(7Сое)г
700 Автор _1
a Фамилия Петрова
b Имя Т. А.
4 Код отношения 070
801 Источник записи _0
a Страна RU
b Организация Муниципальное бюджетное учреждение культуры "Централизованная библиотечная система" г. Сургут (Центральная городская библиотека им. А. С. Пушкина)
g Правила каталогизации КиК/Уланова
801 Источник записи _1
a Страна RU
b Организация Муниципальное бюджетное учреждение культуры "Централизованная библиотечная система" г. Сургут (Центральная городская библиотека им. А. С. Пушкина)
g Правила каталогизации КиК/Уланова
852 Данные о местонахождении __
j Шифр хранения 85.143(7Сое)6-8
c Каталожный индекс 85.143(7Сое)-8
i Авторский знак П 30
p Инвентарный номер 42886
901 Тип документа __
t Тип документа m
990 Данные о заказе (DOS) __
j Количество экземпляров (DOS) 4